Science Quiz

Random Science or Animal Quiz
Score 0/25 Timer 07:00
4 Plays Today
% Correct
Wild turkey
98.8%
Northern Pacific seastar
98.4%
Striped bark scorpion
96.5%
Pygmy three-toed sloth
92.2%
Alpaca
89.6%
Roborovski hamster or desert hamster
84.4%
Box jellyfish or sea wasp
83.5%
German wasp
82.2%
Centolla or Southern king crab
81.1%
Rainbow lorikeet
73.6%
Jackson's chameleon
70.1%
Clouded leopard
69.8%
Burmeister's leaf frog
67.5%
% Correct
European robin
64.9%
Atlantic bluefin tuna
62.5%
Common mudpuppy
44.6%
Common cuttlefish
42.3%
Gila monster
36.5%
Venus's flower basket
28.4%
Knobbed hornbill
28.1%
Western blue-tongued lizard
27.4%
Alligator or double-ended pipefish
18.8%
California legless lizard
15.5%
Barramunda or Queensland lungfish
11.9%
Indian balloon frog
7.3%
Remove Ads.
Support Sporcle.
Get the best of Sporcle when you Go Orange. This ad-free experience offers more features, more stats, and more fun while also helping to support Sporcle. Thank you for becoming a member.

You're not logged in!

Compare scores with friends on all Sporcle quizzes.
OR
Log In

Show Comments

Extras

Top Quizzes Today


Score Distribution

Your Account Isn't Verified!

In order to create a playlist on Sporcle, you need to verify the email address you used during registration. Go to your Sporcle Settings to finish the process.

Report this User

Report this user for behavior that violates our Community Guidelines.

Details: